Śląskie - prawda czy fałsz - Statystyki

Ogólne statystyki
  • Ten quiz został rozwiązany 164 razy
  • Średni wynik to 11 z 15
Statystyki odpowiedzi
Zagadnienie Odpowiedź % Poprawnych
Leży w nim Zakopane Fałsz
100%
Śląskie posiada tylko trzy miasta powyżej 100 tyś mieszkańców Fałsz
94%
Tutaj znajdują się elektrownie Turów i Bełchatów Fałsz
94%
Posiada największy procent osób pracujących w przemyśle Prawda
91%
Posiada najwięcej klubów w ekstraklasie Prawda
88%
Zaczyna Płynąć tutaj Wisła Prawda
81%
Posiada więcej miast na prawach powiatu niż powiatów ziemskich Prawda
78%
Świętochłowice to najmniej ludne miasto na prawach powiatu w województwie Prawda
75%
Graniczy tylko z jednym państwem Fałsz
69%
Beskid Śląski ma ponad 1250m n.p.m. Prawda
69%
Graniczy z 3 województwami Fałsz
63%
Wojewodą jest Jarosław Wieczorek Fałsz
63%
Marszałkiem województwa jest Wojciech Saługa Prawda
56%
Katowice posiadają więcej mieszkańców niż Białystok Fałsz
53%
Ostatnim klubem z województwa śląskiego który zdobył mistrzostwo Polski jest Piast Gliwice Fałsz
38%
Nie znaleziono quizów pasujących do podanych kryteriów
Rozkład punktacji
Procent ludzi z każdym wynikiem
Percentyl według liczby udzielonych odpowiedzi
Twoja historia wyników
Nie rozwiązałeś tego quizu